000 00619nmm a2200157Ia 4500
008 251105s9999||||xx |||||||||||||||||und||
020 _a9788491921752
041 _aspa
100 _aGonzález de Viñaspre, Roberto
245 0 _aEuskal onomastika aplikatua XXI. mendean = Onomástica vasca aplicada en el siglo XXI = Onomastique basque apliquée au XXIe siècle = Applied Basque onomastics in the 21st century
264 _a[Madrid, España] :
_bIberoamericana Vervuert,
_c2020
300 _a336 páginas
650 _aHistory of language
856 _uhttps://public.digitaliapublishing.com/a/79137
942 _cCF
999 _c88805
_d88805